000 00553nam a2200193 a 4500
001 12254
003 CO-ViMGA
008 141112s2004 ck r 000 u spa d
020 _a8423996158
040 _aCO-ViMGA
_bspa
_cCO-ViMGA
082 0 4 _a780.9 H47
100 1 _aBeltrando - Patier, Marie - Claire
_911516
245 1 0 _aHistoria de la Musica
260 _aMadrid,
_cEspasa Calpe S.A.,
_c1996
300 _a913 p. il.
590 _aPrecio : 62.000 - - Fecha de adquisición : Ag. 23, 2000
650 1 4 _aMUSICA - HISTORIA
_911517
942 _2ddc
_cBK
999 _c23267
_d23267